Catálogo de obras impresas en el siglo XVI existentes en la Biblioteca de la Facultad de Medicina de la Universidad Complutense / (Record no. 185944)

MARC details
000 -LEADER
campo de control de longitud fija 00819nam a2200181 i 4500
001 - NÚMERO DE CONTROL
campo de control 185944
003 - IDENTIFICADOR DE NÚMERO DE CONTROL
campo de control ES-MaACL
005 - FECHA Y HORA DE LA ÚLTIMA TRANSACCIÓN
campo de control 20230906222542.0
008 - DATOS DE LONGITUD FIJA--INFORMACIÓN GENERAL
campo de control de longitud fija 160829s1985 sp b |||| | spa d
110 2# - ENTRADA PRINCIPAL--NOMBRE DE ENTIDAD CORPORATIVA
Nombre de entidad corporativa o nombre de jurisdicción como elemento de entrada Universidad Complutense de Madrid.
Unidad subordinada Facultad de Medicina.
-- Biblioteca.
9 (RLIN) 160593
245 10 - MENCIÓN DEL TÍTULO
Título Catálogo de obras impresas en el siglo XVI existentes en la Biblioteca de la Facultad de Medicina de la Universidad Complutense /
Mención de responsabilidad, etc. Rafaela Castrillo Márquez ; presentación por el Dr. Diego Gracia.
260 ## - PUBLICACIÓN, DISTRIBUCIÓN, ETC.
Lugar de publicación, distribución, etc. Madrid :
Nombre del editor, distribuidor, etc. Editorial de la Universidad Complutense,
Fecha de publicación, distribución, etc. 1985.
300 ## - DESCRIPCIÓN FÍSICA
Extensión XXI, 441 p. ;
Dimensiones 24 cm.
650 #4 - PUNTO DE ACCESO ADICIONAL DE MATERIA--TÉRMINO DE MATERIA
Término de materia o nombre geográfico como elemento de entrada Medicina-
Subdivisión de forma Obras anteriores a 1800-
-- Bibliografías.
9 (RLIN) 160594
700 1# - ENTRADA AGREGADA--NOMBRE PERSONAL
Nombre de persona Castrillo Márquez, Rafaela.
9 (RLIN) 36818
700 1# - ENTRADA AGREGADA--NOMBRE PERSONAL
Nombre de persona Gracia Guillén, Diego.
9 (RLIN) 138825
852 ## - LOCALIZACIÓN
Ubicación ES-MaACL
Número de control de estantería L-11231
Holdings
Estatus retirado Estado de pérdida Estado de daño No para préstamo Biblioteca de origen Biblioteca actual Ubicación en estantería Fecha de adquisición Fuente de adquisición Total de préstamos Signatura topográfica completa Código de barras Visto por última vez Precio de reemplazo Tipo de ítem Koha
        Biblioteca del Ateneo de Madrid Biblioteca del Ateneo de Madrid Depósito 2 29/08/2016     L-11231 1196028 23/02/2023 23/02/2023 Libro impreso